| 000 | 01186nam a22003737a 4500 | ||
|---|---|---|---|
| 003 | CHAP | ||
| 005 | 20220817044404.0 | ||
| 008 | 101103s2010 it rn 00010 eng d | ||
| 010 | _a99649 | ||
| 011 | _a100621 | ||
| 020 | _a9789251065754 | ||
| 035 | _a111307 | ||
| 040 | _cCHAP | ||
| 082 | 0 | 4 |
_a639.2 _bF3y v.538 |
| 110 | 2 | _aFAO | |
| 245 | 1 | 0 |
_aFrom drain to gain in capture fisheries rents : _ba synthesis study _c/por Gordon R. Munro |
| 260 |
_aRome : _bFAO, _c2010 |
||
| 300 |
_aviii, 49 p. : _bgráfs., tablas |
||
| 490 | 0 |
_aDocumento técnico de pesca _v; 538 |
|
| 590 |
_aBATCH-UPD _b10 _c20130110 _lUCH01 _h0946 |
||
| 590 |
_aBATCH-UPD _b10 _c20130410 _lUCH01 _h0601 |
||
| 590 |
_aBATCH-UPD _b10 _c20130914 _lUCH01 _h1216 |
||
| 590 |
_aCONVERSION _b10 _c20130109 _lUCH01 _h1355 |
||
| 650 | 1 | 4 |
_aAdministracion pesquera. _9933 |
| 650 | 1 | 4 |
_aEconomía. _935226 |
| 650 | 1 | 4 |
_aEcosistema. _935290 |
| 650 | 1 | 4 | _aRecursos marinos. |
| 650 | 1 | 4 |
_aZonas marinas. _9124143 |
| 700 | 1 |
_aMunro, Gordon R. _979512 |
|
| 830 | 0 | 0 |
_aDocumento técnico de pesca _v; 538 _933242 |
| 901 | _aBK | ||
| 942 | _cLIBRO | ||
| 949 |
_a639.2 F3y v.538 _bBC _cFAO _d33724002213397 _eFAO1 _h113663 _i111307 _sb |
||
| 999 |
_c99649 _d99649 |
||